Paighambar-e-Islam aur Buniyadi Insani Huqooq (Record no. 21226)
[ view plain ]
| 000 -LEADER | |
|---|---|
| fixed length control field | 00328nam a22001337a 4500 |
| 082 ## - DEWEY DECIMAL CLASSIFICATION NUMBER | |
| Classification number | 340.59 |
| Author Cutter | ZAF |
| 100 ## - MAIN ENTRY--AUTHOR NAME | |
| Author name | Zafar Hakeem Mahmood Ahmad |
| 245 ## - TITLE STATEMENT | |
| Title | Paighambar-e-Islam aur Buniyadi Insani Huqooq |
| 260 ## - PUBLICATION, DISTRIBUTION, ETC. (IMPRINT) | |
| Place of publication | New Delhi |
| Name of publisher | Areeb Publication |
| Year of publication | 2012 |
| 300 ## - PHYSICAL DESCRIPTION | |
| Number of Pages | 435 |
| 650 ## - SUBJECT ADDED ENTRY--TOPICAL TERM | |
| Topical Term | Islamic Law |
| 942 ## - ADDED ENTRY ELEMENTS (KOHA) | |
| Koha item type | Books |
| Home library | Current library | Shelving location | Date acquired | Full call number | Accession Number | Koha item type |
|---|---|---|---|---|---|---|
| Henry Martyn Institute Library | Henry Martyn Institute Library | General stacks | 07/23/2018 | 340.59 ZAF | 24379 | Books |
